[Event "Moscow op-A"]
[Site "Moscow"]
[Date "2009.02.02"]
[Round "3"]
[White "Tiviakov, Sergei"]
[Black "Pridorozhni, Aleksei"]
[Result "1-0"]
[WhiteElo "2685"]
[BlackElo "2515"]
[Annotator "Tiviakov,S"]
[PlyCount "111"]
[EventDate "2009.01.31"]
[EventType "swiss"]
[EventRounds "9"]
[EventCountry "RUS"]
[SourceTitle "CBM 128 Extra"]
[Source "ChessBase"]
[SourceDate "2009.03.05"]
[SourceVersion "2"]
[SourceVersionDate "2009.03.25"]
[SourceQuality "1"]

{This game from the tournament in Moscow was quite typical for my play there.
I was never trying to get any opening advantage, instead I was opting for
complex play and trying to outplay my opponents in the later stages of the
game.} 1. e4 e5 2. Bc4 {I always play 2.Bc4 in order to avoid the Russian Game
where White has no advantage. There is no advantage after 2.Bc4 either but
here the game takes a much more complex course... Later in the tournament I
had the Petrorr against A. Deviatkin (hehad never played it before in his life)
. Although Black managed to go out of the opening with equal chances later he
lost without much fight since Black was not well acquainted with the plans and
strategies of the types of the position which was on board.} Nf6 3. d3 c6 {
Out of 10 games (normal time control) played by me in this position I have won
8 with only 2 draws - 2790 performance. Very impressive statistics!} 4. Nf3 d5
5. Bb3 Bb4+ {This move has become very popular recently. Black loses a tempo
but taking the c3 square away from the knight where it can attack the black
centre. 5...Bd6 is a common answer here.} 6. c3 Bd6 7. O-O O-O 8. Re1 {It is
very difficult to comment on the opening stage of this game since both sides
have plenty of possibilities to choose from. Well, the basic principles remain
the same - to try to finish the development as quickly as possible, while
fighting for the centre.} dxe4 {Sooner or later Black has to exchange on e4
since it is difficult to keep the pressure. The pawn on e5 was already hanging.
And after Bc1-g5 the pawn d5 would be under attack.} 9. dxe4 Na6 10. Bg5 $1 Nc5
11. Bc2 {Now Black has some difficulties freeing himself from the pin along
the diagonal h4-d8.} h6 12. Bh4 a5 {There was already a threat of b2-b4.} 13.
Nbd2 b5 {Protecting the c4-square from the possible Nd2-c4.} 14. Nf1 g5 $6 {
I would have never made this move, critically weakening the king's side. Of
course, now (and in the immedate future) White has no means to exploit it by
organising a direct attack; but since all the pieces are still on board later
White can exploit this weakness which eventually came about in this game.} 15.
Bg3 Qe7 16. N3d2 ({White has an eye on the square f5.} 16. Ne3 Nfxe4 {was
impossible.}) 16... Be6 17. Ne3 Rad8 18. Qe2 Bc7 {With the threat to sacrifice
an exchange by Rd8-d2, winning the central pawn e4.} 19. Nf5 ({I don't like
White's position after} 19. c4 Rxd2 20. Qxd2 Nfxe4 {although Fritz gives 19.c4
as the strongest move in the position.}) 19... Bxf5 20. exf5 Rfe8 {White has
achieved almost the maximum he could have dreamed of whenplaying 2.Bc4. Now he
has to think how to create several more weaknesses in the Black camp - first
on the queenside.} 21. b4 axb4 22. cxb4 Na4 {Starting from now on Black plays
very well until move 39 almost always choosing the strongest line suggested by
different computer engines. Other retreats of the knight are much worse (also
without the exchange on b4).} 23. Ne4 Rd4 24. a3 Nxe4 25. Bxe4 Nc3 26. Qf3 Nxe4
27. Rxe4 Rxe4 28. Qxe4 Qf6 29. Rc1 Rd8 {Here I spent lot of time looking for
the possibilities to exploit the weaknesses of the pawns c6 and e5 in the
black camp, but failed to find anything direct. White also has a weak pawn on
f5, the bishop on g3 is out of play only attacking the e5-pawn. Opening the
position on the kingside by h2-h4 also leaves the white king vulnerable to
checks. So I decided to continue playing positionally.} 30. h3 Rd5 31. Kh2 h5
$1 ({After} 31... Bb6 $2 32. a4 $1 bxa4 33. b5 $1 {Black's position collapses.
This is what I hadn prepared when playing 30.h3 and 31.Kh2.}) 32. f3 ({White
has nothing else since after} 32. h4 $6 gxh4 33. Bxh4 Qh6 {Black suddenly
seizes the initiative.}) 32... Bb6 33. h4 {Now 33.a4 doesn't work anymore and
White has to play 33.h4 exploiting the fact that the black bishop moved from
c7 to b6.} gxh4 34. Qxh4 ({After} 34. Bxh4 Qh6 {Black holds the game easily.})
34... Qxh4+ ({Played without much thought. Obviously my opponent has already
in mind a very strong bishop sacrifice. During the game I was mostly looking at
} 34... Qh6 35. Rc2) ({and} 34... Qxf5 35. Rxc6 {where in both cases White
keeps the possibilities to fight for the advantage - Back has to be careful.})
35. Bxh4 c5 $1 ({During the game I was looking at} 35... Rd6 36. Be7 {where I
thought I would have good winning chances. The text is much stronger!} Be3 $1
37. Rc2 {- White is better.}) 36. Bf2 ({White has nothing else but to win the
piece.} 36. Bf6 {is answered calmly by} Kf8 {with equal chances.}) 36... cxb4
37. Bxb6 bxa3 {Here I started thinking, using up almost all time left until
the end of the game. I was not able to find the forced win (since there is
none at all!) but luckily found a study-like opportunity to try to win! Only
if I would have found the possibility to transfer the bishop to f6!} 38. Bc5 $1
a2 39. Be7 $1 Kg7 $2 ({Black correctly understands that the bishop cannot be
allowed to come to f6 but fails to make the only move,} 39... f6 $1 {, which
saves the game. After} 40. Bxf6 b4 41. Bg5 b3 {White has nothing more than the
perpetual check which would be the correct outcome of this interesting game!}
42. Rc8+ Kf7 43. Rc7+ Kg8 {draw.}) 40. Rc6 $3 {The square f6 is much more
important than the queen!} f6 ({After} 40... a1=Q 41. Bf6+ Kh7 42. Rc8 {
Having an extra queen and his turn to move Black cannot prevent the mate! So
he has to play 40...f6.}) 41. Ra6 {But now White has won a tempo to transfer
the rook to a6 winning the pawn on a2 by force.} Kf7 42. Bb4 Rd4 43. Bc3 Rf4 ({
After} 43... Rc4 44. Bb2 Rc2 45. Rxa2 {White wins giving the check on the next
move, liberating himself from the pin.}) (43... Ra4 44. Rxa4 bxa4 45. Kg3 {
is dead lost for Black.}) 44. Ra7+ {Important intermediate check worsening the
position of the black king.} Kg8 45. Rxa2 Rxf5 46. Bd2 {Trapping the rook on
f5. White wins easily. The rest requires no further comments.} e4 47. fxe4 Re5
48. Ra6 Rxe4 49. Rxf6 Rh4+ 50. Kg3 Rd4 51. Bf4 b4 52. Rf5 h4+ 53. Kf3 Rc4 54.
Rh5 Rc6 55. Rxh4 b3 56. Be5 1-0

[Event "Reggio Emilia 50th"]
[Site "Reggio Emilia"]
[Date "2007.12.30"]
[Round "2"]
[White "Tiviakov, Sergei"]
[Black "Landa, Konstantin"]
[Result "1/2-1/2"]
[WhiteElo "2643"]
[BlackElo "2678"]
[Annotator "Tiviakov,S"]
[PlyCount "59"]
[EventDate "2007.12.29"]
[EventType "tourn"]
[EventRounds "9"]
[EventCountry "ITA"]
[EventCategory "16"]
[SourceTitle "CBM 122"]
[Source "ChessBase"]
[SourceDate "2008.01.30"]
[SourceVersion "1"]
[SourceVersionDate "2008.01.30"]
[SourceQuality "1"]

1. e4 e5 2. Bc4 Nf6 3. d3 c6 4. Nf3 d5 5. Bb3 a5 6. Nc3 Bb4 7. a3 Bxc3+ 8. bxc3
a4 9. Ba2 Qd6 (9... Qc7 $5 10. O-O O-O (10... dxe4 11. dxe4 O-O (11... Nbd7 $5)
) 11. Bg5 Nbd7 12. Nd2 Qa5 13. exd5 Nxd5 14. Ne4 Nc5 15. Qe1 Nxe4 16. dxe4 Nf4
$11 17. Qe3 Be6 18. Rfd1 Bxa2 19. Rxa2 Ne6 20. Be7 Rfe8 21. Bd6 Rad8 22. Raa1
Rd7 23. Rd2 Red8 24. Rad1 Qb5 25. g3 h6 26. Rd3 f6 27. h4 Nd4 28. cxd4 Rxd6 29.
Kg2 Qb6 {1/2-1/2 Rublevsky,S-Svidler,P/Khanty-Mansiysk RUS 2007/The Week in
Chess 682 (29)}) 10. O-O O-O (10... dxe4 11. dxe4 Qxd1 12. Rxd1 Nbd7 13. Nd2
$14 {^^}) 11. exd5 $146 (11. Bg5 Nbd7 $11 12. Nh4 Nc5 13. f4 Ncxe4 14. fxe5
Qxe5 15. Nf3 Qxc3 16. dxe4 Nxe4 17. Bh4 Qxa3 18. c4 Qc5+ 19. Qd4 Qxd4+ 20. Nxd4
Nd2 21. Rfc1 Nxc4 22. Bxc4 dxc4 23. Rxc4 Bd7 24. Be7 Rfe8 25. Bd6 h6 26. Rb1 b5
27. Rc3 Kh7 28. Ba3 Re4 29. Rd1 Rae8 30. Kf2 Bg4 31. Rdd3 Rf4+ 32. Kg3 Ree4 33.
Nxc6 b4 34. Nxb4 Rxb4 35. Bxb4 Rxb4 36. Rc7 Be6 37. Ra7 h5 38. Kf2 h4 39. Ke3
Kg6 40. Rd4 Rxd4 41. Kxd4 Bb3 42. Ra5 f5 43. Ke5 Kg5 44. Ra7 g6 45. Ra6 Bc2 46.
Rc6 Be4 47. Ra6 Bxg2 48. Rxa4 Be4 49. Ra6 Kh5 50. Kf4 g5+ 51. Ke3 Kg4 52. Rg6
Bb1 53. Rg8 Bc2 54. Rg7 f4+ 55. Kf2 Kf5 56. Rf7+ Ke5 57. Rg7 Kf6 58. Rg8 Bf5
59. Rf8+ Ke5 60. Re8+ Be6 61. Rh8 Kf5 62. Rf8+ Kg4 63. Rf6 Bd5 64. Rf8 Ba2 65.
Ra8 Bb1 66. Ra5 Be4 67. Re5 Bh1 68. Ra5 h3 69. Rc5 Be4 70. Ra5 Kh4 71. Rc5 Bg2
72. Rc4 Kh5 73. Rc5 Kg6 74. Rc4 Kf5 75. Rc5+ Kf6 76. Rc4 Ke5 77. Rc8 Bd5 78.
Rh8 g4 79. Rh5+ Kd4 80. Rg5 g3+ 81. hxg3 h2 82. Rh5 fxg3+ 83. Kxg3 h1=Q 84.
Rxh1 {1/2-1/2 Rublevsky,S-Svidler,P/Khanty-Mansiysk RUS 2007/The Week in Chess
682 (84)}) 11... cxd5 (11... Nxd5 12. Qe1 Nd7 13. Rb1 $14 {^^} (13. c4 $5)) 12.
h3 {(><g4)} (12. d4 $5 e4 (12... exd4 13. cxd4 $14) 13. Ne5 Nbd7 14. Bf4 Qxa3
15. Bb3 Qe7 (15... Qb2 $6 16. Qd2 (16. Qe1 axb3 17. Rxa8 Nb6 18. Ra1 Nh5 19.
Rb1 Qxc2 20. Rc1 Qa2 21. Ra1 $11) 16... Nxe5 (16... axb3 17. Rxa8 Nb6 18. Ra7
Qxc2 19. Qxc2 bxc2 20. h3 $14) 17. Bxe5 (17. dxe5 e3 18. Qxe3 Ne4 19. Rxa4 (19.
Ra2 Qxc3 20. Rxa4 Rxa4 21. Bxa4 $11) 19... Rxa4 20. Bxa4 Nxc3 21. Bb3 Bf5 $11)
17... axb3 18. Rxa8 $16) 16. Rxa4 Rxa4 17. Bxa4 Qe6 $13) (12. Re1 Nc6 13. h3 {
- 12.h3 Nc6 13.Re1}) 12... Nc6 (12... Nbd7 $5) (12... Re8 13. d4 exd4 (13... e4
14. Ne5 Nc6 15. Bf4 $14) 14. cxd4 $13) 13. Re1 (13. Rb1 $5) 13... Re8 (13...
Be6 14. Rb1 Rab8 $13) 14. Bg5 (14. Rb1 $5 h6 $5 $13) 14... Bf5 $5 (14... Qxa3
15. Bxf6 gxf6 16. Bxd5 Qxc3 17. Nd2 Bf5 18. Ne4 (18. Re4 $2 Nd4 $17) 18... Bxe4
19. dxe4 Nb4 20. Bxb7 Rad8 $11) 15. Qc1 (15. Bxf6 gxf6 $13) (15. Nd2 $5) 15...
e4 (15... Rad8 $5) 16. Nh4 Bd7 17. Rb1 h6 (17... b5 $5 18. Rxb5 $140 exd3 19.
cxd3 Nd4 20. Rb2 Rxe1+ 21. Qxe1 Re8 22. Be3 Qxa3 $11) (17... Nd8) 18. Bf4 Qc5 (
18... Qf8 19. Rxb7 g5 20. Be3 $36) 19. Bxh6 $5 (19. Rxb7 $142 Qxc3 (19... exd3
20. cxd3 (20. Be3 Qxc3 21. cxd3 Qxc1 (21... Qxd3 22. Rxd7 Nxd7 23. Qxc6 Nf6 $14
) 22. Rxc1 d4 23. Bd2 Ne5 $11) 20... Rxe1+ 21. Qxe1 Qxa3 22. Qd2 $11) 20. dxe4
Rxe4 21. Rxe4 dxe4 22. Ng6 $11) (19. Be3 Qxc3 20. Rxb7 exd3 {- 19.Rb7 ed 20.
Be3 Qc3}) 19... gxh6 20. Qxh6 Nh7 $8 (20... Qxc3 $2 21. Re3 $16) (20... Re6 $2
21. Re3 $16) 21. dxe4 (21. Re3 Kh8 (21... Qf8 $5) 22. d4 Qxa3 23. Bxd5 Qf8 $15
{/\Nd8}) 21... Re6 $1 (21... Qxa3 22. Bxd5 Be6 23. Re3 $13) 22. Qd2 Ne7 $1 (
22... Re7 23. Bxd5 $14 {|^}) 23. Rxb7 (23. exd5 Rxe1+ 24. Rxe1 Qxa3 (24... Qd6
$5) 25. d6 Nc6 $15) 23... Bc6 (23... Qxa3 $15) 24. Rb4 Rxe4 25. Rbxe4 dxe4 26.
Re3 $6 (26. Qf4 $142 Rf8 27. Re3 Kh8 28. Rg3 {- 26.Re3}) 26... Rf8 $6 (26...
Bd5 $142 $15) 27. Rg3+ Kh8 28. Qf4 Qh5 29. Kh2 $6 (29. Bc4 $142 $1 Bd5 $140 $4
30. Be2 Qxe2 31. Qe5+ f6 32. Qxe7 Bf7 33. Ng6+ Bxg6 34. Rxg6 Rg8 35. Rh6 $18)
29... Ba8 $6 (29... Bd5 $142 $15 30. c4 Bc6 31. c5 Qxc5 (31... Bd5 32. Bxd5
Qxd5 $11) 32. Bxf7 Be8 33. Qb8 Bb5 34. Qb7 Nf6 $15 (34... Rxf7 35. Ng6+ Nxg6
36. Qxf7 Nhf8 37. Rxg6 Nxg6 38. Qxg6 $11)) 30. Bc4 $138 (30. Bc4 Bc6 (30... Ng6
31. Qxf7 (31. Nxg6+ fxg6 32. Qd6 $14) 31... Rxf7 32. Nxg6+ Qxg6 33. Rxg6 Rf8
$14) (30... Bd5 $4 31. Be2 Qxe2 32. Qe5+ f6 33. Qxe7 Bf7 (33... Rg8 34. Ng6+
Rxg6 35. Rxg6 $18) 34. Ng6+ Bxg6 35. Rxg6 Rg8 36. Rh6 Rg7 37. Qf8+ Rg8 38.
Qxf6+ Rg7 39. Qd8+ Rg8 40. Qd4+ Rg7 41. Rg6 $18) 31. f3 (31. Be2 Qc5 32. Bc4
$11) 31... Bd5 (31... exf3 32. Qd4+ f6 33. Qa7 Qxh4 34. Qxe7 Qh6 35. Qe6 Qf4
36. Qxc6 $16) 32. Bxd5 Nxd5 33. Qxe4 Ndf6 34. Qxa4 $14) 1/2-1/2

[Event "Carlsberg Match Short-Torre +1-1=4"]
[Site "Manila"]
[Date "1988.10.17"]
[Round "1"]
[White "Torre, Eugenio"]
[Black "Short, Nigel D"]
[Result "1-0"]
[WhiteElo "2555"]
[BlackElo "2665"]
[Annotator "Torre,E"]
[PlyCount "119"]
[EventDate "1988.10.17"]
[EventType "match"]
[EventRounds "6"]
[EventCountry "PHI"]
[SourceTitle "EXT 2019"]
[Source "ChessBase"]
[SourceDate "2018.10.10"]
[SourceVersion "1"]
[SourceVersionDate "2018.10.10"]
[SourceQuality "1"]

1. e4 e5 2. Bc4 Nf6 3. d3 c6 4. Nf3 d6 5. O-O Be7 6. Bb3 O-O 7. c3 Nbd7 8. Re1
Qc7 9. d4 a6 10. a4 b6 11. Nbd2 g6 12. Nf1 Kg7 13. Ng3 c5 14. dxe5 Nxe5 15.
Nxe5 dxe5 16. Qe2 Be6 17. Bxe6 fxe6 18. c4 Rab8 19. b3 h5 20. h3 Nh7 21. Nf1
Bg5 22. Bb2 Rf7 23. Red1 (23. Nh2 $1 Rbf8 24. Rf1) 23... Rbf8 24. f3 Nf6 25.
Rd3 Rd7 26. Rad1 Rfd8 27. Bc3 h4 28. Rxd7+ Rxd7 29. Rxd7+ Nxd7 30. Bd2 Bf4 31.
Be1 g5 32. Qd3 Nf6 33. Bc3 Kf7 34. Ne3 Ke7 35. Ng4 Nxg4 36. fxg4 Qa7 37. Kf1
Qd7 $4 38. Qxd7+ Kxd7 39. Ke2 a5 40. Kf3 Ke7 41. Be1 Kf6 42. g3 hxg3 43. Bxg3
Kg7 44. h4 Kg6 45. Kg2 Kg7 46. hxg5 Kg6 47. Bxf4 exf4 48. e5 Kxg5 49. Kf3 Kh6
50. Kxf4 Kg6 51. Kf3 Kh6 52. Kg2 Kg5 53. Kg3 Kh6 54. Kh4 Kg6 55. g5 Kg7 56. Kh5
Kh7 57. g6+ Kg8 58. Kh6 Kh8 59. g7+ Kg8 60. Kg6 1-0

[Event "Saint Affrique op 11th"]
[Site "Saint Affrique"]
[Date "2003.07.26"]
[Round "9"]
[White "Degraeve, Jean Marc"]
[Black "Meijers, Viesturs"]
[Result "1-0"]
[WhiteElo "2541"]
[BlackElo "2483"]
[Annotator "Winants,L"]
[PlyCount "41"]
[EventDate "2003.07.19"]
[EventType "swiss"]
[EventRounds "9"]
[EventCountry "FRA"]
[SourceTitle "CBM 096"]
[Source "ChessBase"]
[SourceDate "2003.09.25"]
[SourceVersion "1"]
[SourceVersionDate "2003.09.25"]
[SourceQuality "1"]

1. e4 e5 2. Bc4 {Le début de Philidor que l'on rencontre régulièrement quand
les Blancs ne veulent pas aborder de longues et difficiles variantes
théoriques.} Nf6 3. d3 c6 {L'une des meilleures répliques.} ({Ils pourraient
également opter pour} 3... Bc5 {après quoi le jeu se serait tourné vers la
partie italienne (4.Nf3), le début viennois (4.Nc3) ou le gambit du Roi.}) ({
mais une troisième possibilité consisterait а conserver le suspens via} 3...
Nc6 {se réservant ainsi le choix de développer le Fou sur b4, c5 e7 voire même
g7. Le coup choisi, 3... c6, prépare la poussée du pion vers d5.}) 4. Nf3 d5 5.
Bb3 Bd6 6. Nc3 dxe4 {En relation avec c6, cette prise paraît illogique.
Pourtant le pion d5 ne pouvait être maintenu, notamment а cause de l'éventuel
clouage du Nf6 par Bg5.} 7. Ng5 {Une conception thématique ; les Blancs misent
sur le potentiel du Fou en b3.} O-O 8. Ncxe4 Nxe4 9. Nxe4 Be7 $2 {Une faute
instructive : Les Noirs reculent par crainte de l'échange qui aurait laissé
les deux Fous а l'adversaire. Cependant, et dans ce cas précis, cet avantage
ne devait pas les effrayer, car le pion central e5 présentait une barrière
efficace contre les velléités du Bc1. Par contre, il fallait tenir compte du
danger sur les cases blanches а l'aile Roi, non seulement а cause du Bb3, mais
aussi suite а l'élimination du Nf6, dont l'absence permet aux Blancs de poster
leur Dame en h5, pour inaugurer le siège des pions f7 et h7... Un assaut
d'autant plus redoutable si l'on songe encore au bond du Cavalier sur g5.} ({
Voici une solution défensive illustrée par deux parties de Kramnik.} 9... Bf5
10. Qf3 (10. O-O Na6 11. Nxd6 Qxd6 12. Qf3 Be6 13. Qg3 Bxb3 14. axb3 Nb4 {
Les Noirs se portent а merveille ; Anand-Kramnik, Francfort 1998}) 10... Bxe4
11. dxe4 Nd7 12. c3 a5 13. a4 Nc5 14. Bc2 b5 $1 15. O-O Qc7 16. Rd1 Rab8 17.
axb5 cxb5 18. g3 b4 {Obtenant une excellente partie ; Adams-Kramnik, Tilburg
1998}) 10. O-O (10. Qh5 {immédiatement, était sans doute encore plus précis.})
10... Kh8 {Ce coup n'arrange évidemment rien, mais les Noirs n'avaient
manifestement pas évalué la position sous un angle adéquat.} 11. Qh5 f6 12. f4
({Le tentant} 12. Bf7 {, menaçant Bg6 éventuellement suivi du sacrifice de
l'autre Fou sur h6, se heurtait а l'astucieux} Bg4 $1 {qui aurait permis aux
Noirs de se dégager grâce aux échanges. Le coup choisi menace e5, mais aussi
d'avancer sur f5, cette fois suivi de Ff7 ou du transfert de la Tour vers h3.})
12... g6 {Une nouvelle concession...} 13. Qh6 exf4 14. Bxf4 Na6 15. Ng5 $3 {
L'exécution ne tarde pas !} fxg5 ({L'échec intermédiaire n'y changeait rien.
Supposons} 15... Qd4+ 16. Kh1 fxg5 17. Be5+ $1 {Le mat suit.}) 16. Be5+ Rf6 ({
Sur} 16... Bf6 {alors bien sûr :} 17. Rxf6 Rxf6 18. Rf1 {etc.}) 17. Rxf6 Bxf6
18. Qxg5 $1 {Le fameux clouage en croix, bien que la présence des deux Fous
ajoute encore un peu de piment а l'affaire.} Kg7 ({Une autre jolie variante
était} 18... Qb6+ 19. Kh1 Bg7 20. Qf6 $3 {avec mat imparable ! :} Qc7 21. Qf8#)
19. Rf1 h6 {Encore le moindre mal.} ({Sur} 19... Qb6+ 20. Kh1 Bxe5 21. Rf7+ Kg8
22. Rd7+ {Mat au coup suivant.}) 20. Bxf6+ Kh7 21. Qe3 {Et les Noirs
abandonnèrent.} (21. Qe3 {Il aurait encore pu suivre} Qd7 (21... Qc7 22. Bg8+
$1 Kxg8 23. Qe8+ Kh7 24. Qh8#) 22. Bc3 {puis De5.}) 1-0